Т. 13 : Использование промышленных отходов; Охрана природы и воспроизводство природных ресурсов

Détails bibliographiques
Parent link:Охрана природы и воспроизводство природных ресурсов/ Академия наук СССР (АН СССР), Всесоюзный институт научной и технической информации (ВИНИТИ). Т. 13 : Использование промышленных отходов.— , 1968-1991.— 0202-7321
Autres auteurs: Дуденков С. В., Зайцев В. А., Пекелис Г. Л., Царев И. В., Швецов М. М.
Langue:russe
Publié: 1983
Sujets:
Format: Livre
KOHA link:https://koha.lib.tpu.ru/cgi-bin/koha/opac-detail.pl?biblionumber=306978

MARC

LEADER 00000nam2a2200000 4500
001 306978
005 20231102001940.0
035 |a (RuTPU)RU\TPU\book\332256 
035 |a RU\TPU\book\320539 
035 |a RU\TPU\book\241058 
090 |a 306978 
100 |a 20151014d1983 k y0rusy50 ca 
101 0 |a rus 
102 |a RU 
105 |a a z 001zy 
200 0 |a Т. 13 : Использование промышленных отходов  |f С. В. Дуденков [и др.] 
210 |d 1983 
215 |a 162 с.  |c ил. 
320 |a Библиогр.: с. 158-162 
461 1 |0 (RuTPU)RU\TPU\book\164056  |x 0202-7321  |t Охрана природы и воспроизводство природных ресурсов  |f Академия наук СССР (АН СССР), Всесоюзный институт научной и технической информации (ВИНИТИ)  |v Т. 13 : Использование промышленных отходов  |d 1968-1991  |s Охрана природы и воспроизводство природных ресурсов 
606 1 |a Природные ресурсы  |x Воспроизводство  |2 stltpush  |3 (RuTPU)RU\TPU\subj\38964  |9 59208 
610 1 |a промышленные отходы 
610 1 |a использование 
610 1 |a загрязнение 
610 1 |a экологические проблемы 
610 1 |a природа 
610 1 |a технико-экономические показатели 
610 1 |a охрана 
675 |a 504.062  |v 4 
701 1 |a Дуденков  |b С. В. 
701 1 |a Зайцев  |b В. А. 
701 1 |a Пекелис  |b Г. Л. 
701 1 |a Царев  |b И. В. 
701 1 |a Швецов  |b М. М. 
801 1 |a RU  |b 63413507  |c 20121113 
801 2 |a RU  |b 63413507  |c 20170724  |g RCR 
942 |c BK